Las "cosas" de Gómez : (Record no. 176561)

MARC details
000 -LEADER
campo de control de longitud fija 01169nam a22002535i 4500
001 - NÚMERO DE CONTROL
campo de control 176561
003 - IDENTIFICADOR DE NÚMERO DE CONTROL
campo de control ES-MaACL
005 - FECHA Y HORA DE LA ÚLTIMA TRANSACCIÓN
campo de control 20251115063318.0
008 - DATOS DE LONGITUD FIJA--INFORMACIÓN GENERAL
campo de control de longitud fija 110124q1950 sp 000 d spa d
080 ## - NÚMERO DE LA CLASIFICACIÓN DECIMAL UNIVERSAL
Número de la Clasificación Decimal Universal 821.134.2-22"19"
100 1# - ENTRADA PRINCIPAL--NOMBRE DE PERSONA
Nombre de persona Muñoz Seca, Pedro,
Fechas asociadas al nombre 1881-1936
9 (RLIN) 84499
245 15 - MENCIÓN DEL TÍTULO
Título Las "cosas" de Gómez :
Resto del título juguete cómico en un acto /
Mención de responsabilidad, etc. original de Pedro Muñoz Seca y Pedro Pérez Fernández . Clemente el bonito : chascarrillo en acción ; Lola, Lolita, Lolilla y Lolo : pasillo cómico en un acto / original de Pedro Pérez Fernández.
246 3# - FORMA VARIANTE DEL TITULO
Título propio/Titulo breve Clemente el bonito
246 3# - FORMA VARIANTE DEL TITULO
Título propio/Titulo breve Lola, Lolita, Lolilla y Lolo
260 ## - PUBLICACIÓN, DISTRIBUCIÓN, ETC.
Lugar de publicación, distribución, etc. Madrid :
Nombre del editor, distribuidor, etc. [s. n.,
Fecha de publicación, distribución, etc. ca.1950] (
Fabricante Arba, imp.)
300 ## - DESCRIPCIÓN FÍSICA
Extensión 51 p. ;
Dimensiones 17 cm.
490 1# - MENCIÓN DE SERIE
Mención de serie Biblioteca teatral ;
Designación de volumen o secuencia 141
594 ## - Nota al título y mención de responsabilidad
Nota al título y mención de responsabilidad En port.: Estrenada en el Teatro Tívoli, de Barcelona, el 23 de junio de 1928, por la compañía del Teatro de la Comedia, de Madrid
599 ## - NOTA A LAS ILUSTRACIONES
NOTA A LAS ILUSTRACIONES Antep. ilustrada.
700 1# - ENTRADA AGREGADA--NOMBRE PERSONAL
Nombre de persona Pérez Fernández, Pedro.
9 (RLIN) 90862
830 1# - PUNTO DE ACCESO ADICIONAL DE SERIE-TÍTULO UNIFORME
Título uniforme Biblioteca teatral ;
Designación de volumen o secuencia 141
9 (RLIN) 190120
852 4# - LOCALIZACIÓN
Ubicación ES-MaACL
Número de control de estantería E-14125 (141)
Encuadernación Olim P-302
Nota libre - Enc. con otros títulos
Holdings
Estatus retirado Estado de pérdida Estado de daño No para préstamo Biblioteca de origen Biblioteca actual Ubicación en estantería Fecha de adquisición Fuente de adquisición Total de préstamos Signatura topográfica completa Código de barras Visto por última vez Precio de reemplazo Tipo de ítem Koha
        Biblioteca del Ateneo de Madrid Biblioteca del Ateneo de Madrid Depósito 2 24/01/2011     E-14125 (141) 1185422 23/02/2023 23/02/2023 Libro impreso